000 00427nam a2200145 i 4500
001 129371
003 ES-MaACL
007 t|
008 070613s1911 po ||||1| por d
100 1 _aTheophilo, Annibal.
_9109901
245 1 0 _aRimas
_b: musa erradia: Folhas de un poema /
_cde Annibal Theophilo.
260 _aPorto :
_b[s.n.],
_c1911 (
_fTipografica musical)
300 _a182 p. ;
_c19 cm.
852 _aES-MaACL
_jG-15603
999 _c129371
_d129371